Oscar Nominated Harry Potter Actors - Statistics

General Stats
  • This quiz has been taken 107 times
  • The average score is 11 of 17
Answer Stats
Nominated for: Answer % Correct
Othello, The Prime of Miss Jean Brodie, Travels with My Aunt, California Suite, A Room with a View, Gosford Park Maggie Smith
95%
Tinker Tailor Soldier Spy, Darkest Hour, Mank Gary Oldman
92%
Schindler's List, The English Patient Ralph Fiennes
92%
The Wings of the Dove, The King's Speech Helena Bonham Carter
84%
Henry V, My Week With Marilyn, Belfast, Hamlet, Swan Song Kenneth Branagh
84%
Howards End, The Remains of the Day, In the Name of the Father, Sense and Sensibility Emma Thompson
78%
Vera Drake Imelda Staunton
66%
This Sporting Life, The Field Richard Harris
66%
Banshees of Inisherin Brendan Gleeson
64%
Iris Jim Broadbent
57%
Midnight Express, The Elephant Man John Hurt
57%
Educating Rita, Billy Elliot Julie Walters
55%
A Fish Called Wanda John Cleese
50%
Living Bill Nighy
43%
Damage, Tom & Viv Miranda Richardson
41%
Darling, McCabe and Mrs. Miller, Afterglow, Away from Her Julie Christie
36%
Belfast Ciarán Hinds
22%
No matching quizzes found
Score Distribution
Percent of People with Each Score
Percentile by Number Answered
Your Score History
You have not taken this quiz